Video Game by Visual Association - Statistics

General Stats
  • This quiz has been taken 57 times
  • The average score is 9 of 16
Answer Stats
Picture Hint Answer % Correct
crafting simulator Minecraft
96%
everyday life simulator The Sims
92%
first person shooter Doom
81%
killer simulator Hitman
73%
racing Mario Kart
67%
first person shooter Half-Life
65%
bureaucracy simulator Papers, Please
63%
3D puzzle platform Portal
63%
JRPG Final Fantasy
60%
survival horror Resident Evil
56%
survival horror Silent Hill
48%
open world action adventure Grand Theft Auto: Vice City
46%
top down action Hotline Miami
33%
action adventure S.T.A.L.K.E.R.
29%
action RPG Dante's Inferno
25%
battle flight simulator Star Fox
13%
No matching quizzes found
Score Distribution
Percent of People with Each Score
Percentile by Number Answered
Your Score History
You have not taken this quiz